000 00220 a2200097 4500
001 3959
100 _aNodelman,H.M
245 _aMaths for electronics with application
260 _a
_bMcgrawhill
_c
090 _c3188
_d3188
942 _aNUST-CAE
_cM
_c24313
999 _c239032
_d239032